| 000 | 00432nam a2200157Ia 4500 | ||
|---|---|---|---|
| 999 |
_c22587 _d22587 |
||
| 003 | OSt | ||
| 005 | 20200519092536.0 | ||
| 008 | 190216s9999||||xx |||||||||||||| ||und|| | ||
| 040 | _coclc | ||
| 082 |
_a297.64 _bAHM/F |
||
| 100 |
_aAhmad, Fazl _92402 |
||
| 245 | 0 |
_aFour Companions Of Islam / _cFazl Ahmad |
|
| 260 |
_bKhutub Khana, _aDelhi: |
||
| 300 | _a69p | ||
| 942 |
_cBK _2ddc _h297.64 _iAHM/F _k297.64 _mAHM/F |
||